000 00627cam a22002293a 4500
001 12876
003 PGUSA
005 20140828083258.0
008 040710s2004||||xxu|||||s|||||000 | eng d
040 _aPGUSA
_beng
042 _adc
050 4 _aPS
100 1 _aRoe, Edward Payson,
_d1838-1888
245 1 2 _aA Young Girl's Wooing
_h[electronic resource] /
_cEdward Payson Roe
260 _bProject Gutenberg,
_c2004
506 _aPublic domain in the USA.
516 _aElectronic text
653 _aLove stories
830 0 _aProject Gutenberg
_v12876
856 4 0 _uhttp://www.gutenberg.org/ebooks/12876
942 _cEB
999 _c242131
_d242131